000 00818nam a2200265 i 4500
001 53957
003 ES-MaACL
005 20250718042046.0
007 t|
008 031119s2002 sp |||| | spa d
020 _a84-8155-947-4
080 _a37(460)"18/19"
080 _a37:32(460)"18/19"
080 _a37.014(460)"18/19"
100 1 _aCapitán Díaz, Alfonso.
_934850
245 1 0 _aRepublicanismo y educación en España (1873-1951) /
_cAlfonso Capitán Díaz.
260 _aMadrid :
_bDykinson,
_c[2002]
300 _a382 p ;
_c24 cm.
504 _aBibliografía: p. [375]-382.
650 1 4 _aEnseñanza-
_zEspaña-
_yS.XIX
_912286
650 7 _aEnseñanza-
_zEspaña-
_yS.XX
_2
_9139558
650 4 _aRepublicanismo-
_zEspaña.
_916856
852 _aES-MaACL
_jL-26722
999 _c53957
_d53957